000 00902nam a22002531 4500
005 2011090107597.0
010 _aG-001312
020 _a9788120833623
_c395.00
035 _aB-345633-636
035 _aB-349016-024
035 _aG-001312
037 _bGift
082 _a793.31954
100 _aShea, Janet O'
_934103
245 _aBharata Natyam on the global stage:
_bat homein the world /
_cby Janet O' Shea
260 _aDelhi
_bMotilal Banarsidass
_c2007
270 _a41 U.A. Bungalow Road, Jawahar Nagar
_bDelhi
_k110007
300 _axii, 222 p.
_c24cm(Hb)
490 _aPerfirnubg arts serues
_934104
500 _aIncludes references
942 _2ddc
_cEN
_mSHE
_h793.31954
999 _c56173
_d56173